|
|
|
|
| LEADER |
00000nam a22000007a 4500 |
| 005 |
20220211200819.0 |
| 007 |
cr|||| |||| |
| 008 |
220211s2014 co |||||s|||| 00||0 spa d |
| 020 |
|
|
|a 978-958-771-108-0
|
| 035 |
|
|
|a 35895
|
| 040 |
|
|
|a vLex
|
| 090 |
|
|
|c 12953
|d 12953
|
| 100 |
1 |
|
|a Largacha Martn̕ez, Carlos
|
| 245 |
1 |
0 |
|a Tendencias gerenciales
|h [Recurso electrn̤ico] :
|b 12 Casos empresariales exitosos en el mundo /
|c Carlos Largacha Martn̕ez, Ernst von Kimakowitz, Michael Pirson, Heiko Spitzeck, Claus Dirksmeier, Wolfgang Amann
|
| 256 |
|
|
|a Servicio en ln̕ea
|
| 260 |
|
|
|a Bogot:̀
|b ECOE,
|c 2014
|
| 300 |
|
|
|a 1 recurso electrn̤ico
|
| 500 |
|
|
|a ±Como sera̕ el mundo empresarial si todas las empresas practicaran la Gerencia humanista? Este libro presenta, con ejemplos prc̀ticos, que hay alternativas al modelo actual basadas en la dignidad y el reconocimiento del SER humano. Es un mapa de navegacin̤ para potencializar las capacidades del individuo, y a su vez, los resultados de su empresa.”
|
| 506 |
1 |
|
|a Disponible solo en los productos indicados
|d vLex Global
|d vLex Global (Academic Edition, excluding Law Schools)
|d vLex Global (U.S. Academic Edition, Law Schools)
|d vLex Global (U.S. Academic Edition, excluding Law Schools)
|d vLex Global (Academic Edition, Law Schools)
|
| 650 |
0 |
4 |
|a Economa̕ y negocios
|z Colombia
|
| 700 |
1 |
|
|a Kimakowitz, Ernst von
|
| 700 |
1 |
|
|a Pirson, Michael
|
| 700 |
1 |
|
|a Spitzeck, Heiko
|
| 700 |
1 |
|
|a Dirksmeier, Claus
|
| 700 |
1 |
|
|a Amann, Wolfgang
|
| 740 |
0 |
|
|a vLex Libros (Servicio en ln̕ea)
|
| 856 |
4 |
0 |
|u https://app.vlex.com/#/sources/35895
|z Acceso restringido
|
| 942 |
|
|
|c BOOK
|
| 999 |
0 |
|
|a Economy and business
|